000 00833nam a2200265 i 4500
003 EG-ScBUE
005 20241112105054.0
008 090422s2009 caua f 001 0 eng d
020 _a9780596527587
040 _aEG-ScBUE
_beng
_erda
_cEG-ScBUE
_dEG-ScBUE
082 0 4 _222
_a519.5
_bGRI
100 1 _93999
_aGriffiths, Dawn,
_eauthor.
245 1 0 _aHead first statistics /
_cDawn Griffiths.
264 1 _aSebastopol, CA :
_bOReilly,
_c2009.
300 _a677 pages :
_billustrations ;
_c25 cm.
336 _2rdacontent
_atext
_btxt
337 _aunmediated
_2rdamedia
_bn
338 _avolume
_bnc
_2rdacarrier
490 0 _aA brain friendly guide
500 _aIncludes index.
650 7 _aStatistics.
_2BUEsh
_92829
650 7 _94000
_aStatistics
_xProblems, exercises, etc.
_2BUEsh
655 _vReading book
942 _2ddc
_cBB
999 _c11370
_d11370